000 00806nas a2200265 4500
001 BR0901398
003 BR-BrBNA
005 20231205113220.0
007 ta
008 230509b bl.|||p| |||| 00| 00por d
040 _aBR-BrBNA
_bpor
_cBiblioteca Nacional de Agricultura
041 _a(Pt)
072 _aH10
100 1 _aMoreira, L.R.
100 1 _aOliveira, E.E.
100 1 _aSantos, A.P.
100 1 _aVilela, E.F.
245 1 _aArtrópodes herbívoros evitam competição intra-específica em tomateiro através de percepção de odores.
650 _aTOMATE
650 _aPRAGA DE PLANTA
650 _aODOR
773 0 _tBioscience Journal (Brazil)
_xISSN 1516-3725
_g(Sep-Dec 2004), v. 20(3) p. 159-164
_wBR0901398
909 _a202311
_bLúcia
_c55
_dLúcia Elande
942 _2AGRIS
_n0
_cANA
999 _c202502
_d202502